ბათუმის შოთა რუსთაველის სახელმწიფო უნივერსიტეტის ბიბლიოთეკა

დამხმარე მეთოდური რეკომენდაციების კრებული დაწყებითი კლასების პედაგოგებისათვის / (ბიბ.ჩანაწერი № 56850)

000 -ლიდერი
ფიქსირებული სიგრძის საკონტროლო ველი 01291nam a22002177a 4500
003 - საკონტროლო ნომრის იდენტიფიკატორი
საკონტროლო ველი Ge_BSU
005 - ბოლო ოპერაციის თარიღი და დრო
საკონტროლო ველი 20190513204638.0
008 - ფიქსირებული სიგრძის მონაცემთა ელემენტები - ზოგადი ინფორმაცია
ფიქსირებული სიგრძის საკონტროლო ველი 190513b2019 ||||| |||| 00| 0 geo d
024 ## - სხვა სტანდარტული იდენტიფიკატორი
Source of number or code 9789941462917
041 ## - ენის კოდი
Language code of text/sound track or separate title geo
080 ## - უნივერსალური ათობითი კლასიფიკაციის ინდექსი
Universal Decimal Classification number 373.3(072) ს-20
100 ## - მთავარი ჩანაწერი - პიროვნების სახელი
Personal name სალაძე, მზია.
9 (RLIN) 1086
245 ## - ცნობა სათაურის შესახებ
Title დამხმარე მეთოდური რეკომენდაციების კრებული დაწყებითი კლასების პედაგოგებისათვის /
Statement of responsibility, etc მზია სალაძე, დალი თურმანიძე, ნინო ვარშანიძე.
264 ## - წარმოების, გამოცემის, დისტრიბუციის და სხვა ცნობები
გამოცემის, წარმოების, დისტრიბუციის... ადგილი ბათუმი .:
გამოცემის, წარმოების, დისტრიბუციის... სახელწოდება შოთა რუსთაველის სახელმწიფო უნივერსიტეტი,
გამოცემის, წარმოების, დისტრიბუციის... თარიღი 2019.
300 ## - ფიზიკური აღწერა
Extent 144 გვ . ;
Dimensions 20 სმ.
653 ## - INDEX TERM--UNCONTROLLED
Uncontrolled term დამხმარე მეთოდური რეკომენდაციების კრებული დაწყებითი კლასების პედაგოგებისათვის
653 ## - INDEX TERM--UNCONTROLLED
Uncontrolled term პედაგოგიკა
700 ## - ADDED ENTRY--PERSONAL NAME
Personal name თურმანიძე, დალი
9 (RLIN) 1087
700 ## - ADDED ENTRY--PERSONAL NAME
Personal name ვარშანიძე, ნინო
9 (RLIN) 1088
942 ## - ADDED ENTRY ELEMENTS (KOHA)
Source of classification or shelving scheme
Koha item type წიგნი
ეგზემპლარები
ჩამოწერის სტატუსი დაკარგული ეგზემპლარის სტატუსი კლასიფიკაციის წყარო ან თაროზე გაწყობის სქემა დაზიანების სტატუსი არ გაიცემა მუდმივი მდებარეობა (დაცვის ადგილი) ამჟამინდელი ადგილსამყოფელი თაროზე განთავსების ადგილი შეძენის თარიღი ღირებულება, შესყიდვის ნორმალური ფასი სრული შენახვის შიფრი შტრიხკოდი ბოლო ოპერაციის თარიღი ეგზემპლარის მიმდევრობითი ნომერი (კეტერი?) ფასის ძალაში შესვლის თარიღი ეგზემპლარის სახეობა საჯარო შენიშვნა
          ბათუმის შოთა რუსთაველის სახელმწიფო უნივერსიტეტის მთავარი ბიბლიოთეკა ბათუმის შოთა რუსთაველის სახელმწიფო უნივერსიტეტის მთავარი ბიბლიოთეკა წიგნსაცავი 2019-05-13 7.00 373.3(072) ს-20 59682 2019-05-13 59682 2019-05-13 წიგნი 7 ლ.
          ბათუმის შოთა რუსთაველის სახელმწიფო უნივერსიტეტის მთავარი ბიბლიოთეკა ბათუმის შოთა რუსთაველის სახელმწიფო უნივერსიტეტის მთავარი ბიბლიოთეკა წიგნსაცავი 2019-05-13 7.00 373.3(072) ს-20 59683 2019-05-13 59683 2019-05-13 წიგნი 7 ლ.